1391 1224 1970 1602 1889 1557 1073 1842 1735 1707 1870 1665 1537 1189 1035 1811 1354 1755 1907 1476 1629 1056 1147 1169 1534 1030 1023 1231 1261 1621 1416 1723 1466 1094 1835 1169 1605 1166 1123 1636 1212 1061 1362 1795 1714 1920 1847 1902 1120 1686 1568 1418 1080 1926 1920 1862 1227 1366 1217 1212 1577 1061 1775 1737 1959 1850 1277 1699 1852 1562 1185 1903 1347 1001 1430 1495 1346 1430 1519 1015 1589 1003 1132 1224 1326 1756 1210 1925 1928 1121 1140 1364 1173 1608 1962 1169 1488 1417 1876 BCNSPRNW ULIB Ver.6.0+V

เปลี่ยนเป็นภาษาไทย

Change to English
 แสดงรายละเอียดบรรณานุกรม
  กลับหน้าหลัก

Brief Record : Get Marc (ISO 2709) : E-mail record : QR code < ปิดหน้าต่าง
LEADER : 00000nam 2200000uu 4500
001    13399120825
003     ULIB
008    020711s2552 th a 000 0 tha d
020    9786167123172
090    นว.^bว427พ
100    อลิลศรา
245    เพตรา นคราสีกุหลาบ /^cอลิลศรา
260    กรุงเทพฯ :^bกรีนมายด์,^c2552
300    439 หน้า
945    ^p279^l0^i16657
999    ^aทศพร เกษรทอง
รายการนี้ยังไม่มีแท็ก
คุณยังไม่ได้ล็อกอิน คุณสามารถมีกิจกรรมร่วมกับเว็บไซต์ได้ แต่ต้องล็อกอินก่อน ::
  ล็อกอิน

รายการสื่อสารสนเทศ

ลำดับที่ ประเภท เลขเรียก/บาร์โค้ด สถานที่ สถานะ
1. นวนิยาย
นวนิยาย
นว. ว427พ  
  Barcode: 16657
ห้องสมุดวิทยาเขตสวรรค์ประชารักษ์
►นวนิยาย
บนชั้น
  ขอยืม

รายการใกล้เคียง
    ผู้แต่ง [อลิลศรา]

BibComment


ยังไม่เคยถูกคอมเมนท์

คอมเมนท์ทรัพยากรรายการนี้
  คอมเมนท์: เพตรา นคราสีกุหลา..


 Copyright 2026. Bcnsprnw @Library